Beiträge zur Erklärung der Sagenreihe über "Fenesleute" und Kesselsteine
| Titel: | Beiträge zur Erklärung der Sagenreihe über "Fenesleute" und Kesselsteine |
|---|---|
| Verfasser: | |
| In: |
Zeitschrift für Geschichte und Kulturgeschichte Schlesiens, Band 18 (1924), Seite 60-66 alle Artikel anzeigen |
| Veröffentlicht: | 1924/25 [1925] |
| Format: | Aufsatz |
| Sprache: | Deutsch |
X
alg: 39183001 001A $01999:11-11-16 001B $01999:16-05-21 $t20:15:10.000 001C $06050:19-11-16 $t09:20:27.000 001D $01999:11-11-16 001U $0utf8 001X $00 002@ $0Aox 003@ $0391830015 007A $0391830015 $aHEB 007T $0Herda04853 010@ $ager 011@ $a1924 $b1925 $n1924/25 [1925] 021A $aBeiträge zur Erklärung der Sagenreihe über "Fenesleute" und Kesselsteine 028A $aPeschel $dFr. 031A $d18 $h60-66 $j1924 039B $aIn $8--Abvc--. Zeitschrift für Geschichte und Kulturgeschichte Schlesiens. - Opava : Zemský Archiv, 1918-2006 $x192400000180000940 $9047981504 045F $a390.094371 $eDDC23BSB 045F/01 $a390 045F/03 $g4371 045F/03 $g4385 045T $a9,10 lok: 39183001 78 exp: 39183001 78 1 #EPN 201B/01 $026-11-17 $t00:52:07.000 201U/01 $0utf8 203@/01 $0787925187 208@/01 $a11-11-16 $be 209A/01 $a/ $f000 $x00 220C/01 $aTitelaufnehmer: cs 244Z/01 $2Trx $#Silesia $#Śląsk $#Sliezsko $#Slezsko $8--Trx--Schlesien $x01 $9391173987 244Z/01 $#Tschechien $#Tschechische Republik $#Tschechische Republik $#Tschechenland $#Tschechei Tschechien $#Česká Republika $#Czech Republic $#ČR $74303381-7 $8--Tg1--Tschechien $x02 $9086659812 244Z/01 $2Trx $#Böhmen $#Bohemia $#Czechy $8--Trx--Čechy $x03 $9391188941 244Z/01 $aGeschichte 1-1924 $x04 244Z/01 $2Trx $#muistendid ja legendid $#padavimai ir legendos $#myths and legends $#mondák és legendák $#podania i legendy $#povesti a legendy $#pověsti a legendy $#Schwänke $#Legenden $#frašky $8--Trx--Sagen und Legenden $x05 $9391382187 244Z/01 $2Trx $#geoloogia $#geologija $#Geology $#geológia $#geologia $#geológia $#geologie $8--Trx--Geologie $x06 $9391354973 244Z/01 $2Trx $8--Trx--Zeitschriftenaufsatz $x07 $9391384341 245Z/01 $a11.02 $x01 247C/01 $82080>Marburg/Lahn, Herder-Institut, Forschungsbibliothek, Bibliographieportal $9336309341
| LEADER | 00000caa a22000002c 4500 | ||
|---|---|---|---|
| 001 | 391830015 | ||
| 003 | DE-603 | ||
| 005 | 20210516201510.0 | ||
| 007 | tu | ||
| 008 | 161111s19241925xx |||| | u00||u|ger c | ||
| 035 | |a (DE-599)HEB391830015 | ||
| 040 | |a DE-603 |b ger |c DE-603 |d DE-603 | ||
| 041 | |a ger | ||
| 082 | 0 | 4 | |8 1\u |a 390.094371 |q DE-101 |2 23/BSB |
| 084 | |a 9,10 |2 ssgn | ||
| 085 | |8 1\u |b 390 | ||
| 085 | |8 1\u |z 2 |s 4371 | ||
| 085 | |8 1\u |z 2 |s 4385 | ||
| 100 | 1 | |a Peschel, Fr. | |
| 245 | 0 | 0 | |a Beiträge zur Erklärung der Sagenreihe über "Fenesleute" und Kesselsteine |
| 264 | 0 | |c 1924/25 [1925] | |
| 773 | 0 | 8 | |i In |t Zeitschrift für Geschichte und Kulturgeschichte Schlesiens |d Opava : Zemský Archiv, 1918-2006 |g Band 18 (1924), Seite 60-66 |w (DE-603)047981504 |w (DE-600)716156-6 |
| 924 | 0 | |9 2080 |a (DE-603)787925187 |b DE-2080 |c HES |d d |g / | |


